AutoCAD Release 12 2D /
Salvato in:
| Autore principale: | |
|---|---|
| Natura: | Libro |
| Lingua: | slovacco |
| Pubblicazione: |
[Bratislava] :
Autodesk,
1994
|
| Edizione: | 1.vyd. |
| Soggetti: | |
| Tags: |
Nessun Tag, puoi essere il primo ad aggiungerne!!
|
MARC
| LEADER | 00000nam a22000003a 4500 | ||
|---|---|---|---|
| 001 | stu7097 | ||
| 005 | 20200922112602.1 | ||
| 008 | 941111s1994----xo------------------slo-d | ||
| 040 | |a STU |b slo | ||
| 041 | 0 | |a slo | |
| 044 | |a xo | ||
| 080 | |a 681.32.06 | ||
| 080 | |a AutoCAD | ||
| 080 | |a 519.68 | ||
| 100 | 1 | |a Chvojka, Dušan |4 aut | |
| 245 | 1 | |a AutoCAD Release 12 2D / |c Aut.: Chvojka,Dušan a kol | |
| 250 | |a 1.vyd. | ||
| 260 | |a [Bratislava] : |b Autodesk, |c 1994 | ||
| 300 | |a 274 s | ||
| 650 | 7 | |a programové systémy |2 stusub | |
| 996 | |b 284EK82404 |c E*79262 |l EE01 |s A |a 24 |w stu7097_0001 | ||